LEADER 01238nam a2200241 i 4500 001 000000230228 003 CaOOAMICUS 005 20251027144253.0 008 140530s1845 xx u000 u fre u 013 $a209130 040 $aSeMil$bita 100 1 $aCalmet, Augustin,$c.$0(OLS)http://semarc/name/89253 245 10$aDictionnaire historique, archéologique, philologique, chronologique, géographique et littéral de la Bible, 3. L-Q /$cpar Augustin Calmet. 250 $a4. éd. / rev., corr., complétée et actualisée par A. F. James. 300 $a1360 p. 700 1 $aJames, Aime François.$0(OLS)http://semarc/name/79382 773 0 $aMigne, Jacques-Paul <1800-1875>$tEncyclopédie théologique, ou Série de dictionnaires sur toutes les parties de la science religieuse ..$dPetit-Montrouge : S'imprime et se vende chez J.-P. Migne, 1851.$g3$w()11876 850 $aSeMil 852 $aSeMil$W1$xVenegono$y1$m2S V 6 FA$j180574$B180574$CSeMilBibl$Z2$F191552 $8I 941 1 $a10 961 $aRecupero: Mantegazza 996 $6245$aDictionnaire historique, archéologique, philologique, chronologique, géographique et littéral de la Bible, 3. L-Q$9(OLS)http://semarc/title/328989 LEADER 01191nam a2200277 i 4500 001 000000031273 003 CaOOAMICUS 005 20210525104824.0 008 180830s18281829it u000 u ita u 040 $aSeMil$bita 100 0 $aIldefonso : da Bressanvido.$0(OLS)http://semarc/name/10267 245 10$aIstruzioni morali sopra la dottrina cristiana esposte dal padre f. Idelfonso da Bressanvido ... volume 1 [-6.]. 264 1$aMilano :$bTipografia G. C. Malatesta,$c1828-1829. 300 $a6 v. ;$c8°. 650 4$aDottrina cristiana.$0(OLS)http://semarc/subject/2932 700 1 $aTinelli, Carlo & C.,$c.$0(OLS)http://semarc/name/14459 700 1 $aMalatesta,$c.$0(OLS)http://semarc/name/12327 774 0 $tTomo 1.$w()238067 774 0 $tTomo 2.$w()238070 774 0 $tTomo 3.$w()238069 774 0 $tTomo 4.$w()238073 774 0 $tTomo 5.$w()238071 774 0 $tTomo 6.$w()238072 996 $6245$aIstruzioni morali sopra la dottrina cristiana esposte dal padre f. Idelfonso da Bressanvido ... volume 1 [-6.]$9(OLS)http://semarc/title/42550 996 $6264$aMilano :$bTipografia G. C. Malatesta$9(OLS)http://semarc/publisher/38857